000 00528nam a2200205Ia 4500
003 OSt
005 20251212123926.0
008 250729s2005 xx 000 0 und d
020 _a978-93-91538-09-5
040 _cAL
041 _aeng
082 _a613 KUMP
100 _aKumar Sudarshan
_9227015
245 _aPhysical education Its development and teaching techniques
260 _aNew Delhi
_c2005
300 _a211p
650 _aPhysical Education
_9227016
700 _aRao Digumurthi
_9227017
942 _2ddc
_cBED
999 _c237501
_d237501